书目信息 |
| 题名: |
李岚清音乐笔谈
|
|
| 作者: | 李岚清 著 | |
| 分册: | ||
| 出版信息: | 北京 高等教育出版社 2004 |
|
| 页数: | 377页 | |
| 开本: | 23cm | |
| 丛书名: | ||
| 单 册: | ||
| 中图分类: | J605.5 | |
| 科图分类: | ||
| 主题词: | 音乐--作品--艺术评论--欧洲 , 音乐欣赏--欧洲 | |
| 电子资源: | ||
| ISBN: | 7-04-015925-2 | |
| 000 | 00719nam0 2200229 450 | |
| 001 | 0634119250 | |
| 005 | 20170510091049.96 | |
| 010 | @a7-04-015925-2@dCNY68.00 | |
| 100 | @a20060105d2004 km y0chiy0120 ea | |
| 101 | 0 | @achi |
| 102 | @aCN@b110000 | |
| 105 | @aa z 000yy | |
| 200 | 1 | @a李岚清音乐笔谈@Ali lan qing yin yue bi tan@e欧洲经典音乐部分@f李岚清著@Fli lan qing zhu |
| 210 | @a北京@c高等教育出版社@d2004 | |
| 215 | 1 | @a377页@c图,照片@d23cm@e光盘一片 |
| 517 | 1 | @a欧洲经典音乐部分@Aou zhou jing dian yin yue bu fen |
| 606 | 0 | @a音乐@x作品@x艺术评论@y欧洲 |
| 606 | 0 | @a音乐欣赏@y欧洲 |
| 690 | @aJ605.5@v4 | |
| 701 | 0 | @a李岚清@Ali lan qing@4著 |
| 801 | 0 | @aCN@bPFT@c20060105 |
| 905 | @a10447@dJ605.5@e313 | |
| 李岚清音乐笔谈:欧洲经典音乐部分/李岚清著.-北京:高等教育出版社,2004 |
| 377页:图,照片;23cm+光盘一片 |
| ISBN 7-04-015925-2:CNY68.00 |
| ● |
| 相关链接 |
|
|
|
|
正题名:李岚清音乐笔谈
索取号:J605.5/313
 
预约/预借
| 序号 | 登录号 | 条形码 | 馆藏地/架位号 | 状态 | 备注 |
| 1 | 0373757 | 203737572 | 第一样本阅览室/ [索取号:J605.5/313] | 在馆 | |
| 2 | 0373758 | 203737581 | 第一借阅区/ [索取号:J605.5/313] | 在馆 | |
| 3 | 0373759 | 203737590 | 第一借阅区/ [索取号:J605.5/313] | 在馆 | |
| 4 | 0373760 | 203737607 | 第一借阅区/ [索取号:J605.5/313] | 在馆 | |
| 5 | 0373761 | 203737616 | 第一借阅区/ [索取号:J605.5/313] | 在馆 | |
| 6 | 0373762 | 203737625 | 第一借阅区/ [索取号:J605.5/313] | 在馆 | |
| 7 | 0373763 | 203737634 | 第一借阅区/ [索取号:J605.5/313] | 在馆 | |
| 8 | 0373764 | 203737643 | 第一借阅区/ [索取号:J605.5/313] | 在馆 | |
| 9 | 0373765 | 203737652 | 第一借阅区/ [索取号:J605.5/313] | 在馆 | |
| 10 | 0373766 | 203737661 | 第一借阅区/ [索取号:J605.5/313] | 在馆 | |
| 11 | 0373767 | 203737670 | 第一借阅区/ [索取号:J605.5/313] | 在馆 | |
| 12 | 0373768 | 203737689 | 第一借阅区/ [索取号:J605.5/313] | 在馆 | |
| 13 | 0373769 | 203737698 | 第一借阅区/ [索取号:J605.5/313] | 在馆 | |
| 14 | 0373770 | 203737705 | 第一借阅区/ [索取号:J605.5/313] | 在馆 | |
| 15 | 0373771 | 203737714 | 第一借阅区/ [索取号:J605.5/313] | 在馆 | |
| 16 | 0373772 | 203737723 | 第一借阅区/ [索取号:J605.5/313] | 在馆 | |
| 17 | 0373773 | 203737732 | 第一借阅区/ [索取号:J605.5/313] | 在馆 | |
| 18 | 0373774 | 203737741 | 第一借阅区/ [索取号:J605.5/313] | 在馆 | |
| 19 | 1051295 | 210512952 | 第一借阅区/ [索取号:J605.5/313] | 在馆 |